Hiến pháp nước Cộng hòa Xã hội Chủ nghĩa Việt Nam

Hiến pháp này qui định chế độ chính trị, kinh tế, văn hoá, xã hội, quốc phòng, an ninh, quyền và nghĩa vụ cơ bản của công dân, cơ cấu, nguyên tắc tổ chức và hoạt động của các cơ quan Nhà nước, thể chế hoá mối quan hệ giữa Đảng lãnh đa...

Descrizione completa

Salvato in:
Dettagli Bibliografici
Enti autori: Việt Nam (Cộng hoà Xã hội Chủ nghĩa), Quốc Hội
Natura: Libro
Lingua:Undetermined
Pubblicazione: Hà Nội Chính trị Quốc gia 2014
Soggetti:
Tags: Aggiungi Tag
Nessun Tag, puoi essere il primo ad aggiungerne! !
Thư viện lưu trữ: Trung tâm Học liệu Trường Đại học Cần Thơ
LEADER 01255nam a2200241Ia 4500
001 CTU_196876
008 210402s9999 xx 000 0 und d
020 |c 14000 
082 |a 342.597023 
082 |b V308 
110 |a Việt Nam (Cộng hoà Xã hội Chủ nghĩa) 
110 |b Quốc Hội 
245 0 |a Hiến pháp nước Cộng hòa Xã hội Chủ nghĩa Việt Nam 
245 0 |c Việt Nam (Cộng hoà Xã hội Chủ nghĩa). Quốc Hội 
260 |a Hà Nội 
260 |b Chính trị Quốc gia 
260 |c 2014 
520 |a Hiến pháp này qui định chế độ chính trị, kinh tế, văn hoá, xã hội, quốc phòng, an ninh, quyền và nghĩa vụ cơ bản của công dân, cơ cấu, nguyên tắc tổ chức và hoạt động của các cơ quan Nhà nước, thể chế hoá mối quan hệ giữa Đảng lãnh đạo, nhân dân làm chủ và nhà nước quản lý. 
526 |a Chủ nghĩa xã hội khoa học 
526 |b ML018 
650 |a Constitutional law,Luật Hiến pháp 
904 |i Nguyên 
980 |a Trung tâm Học liệu Trường Đại học Cần Thơ